01719nmm a22002774a 4500003000900000005001700009008004100026017000600067020000600073041000800079044000700087100001900094245016300113250001100276260002500287300002000312520085900332650001601191650003001207650002701237650001201264653002201276856010501298942002301403999001501426BOLpUSFA20201006010246.0 t es gq d 000 u spa d a  a  aspa cES a Cury, Augusto aPadres brillantes profesores fascinantes :bel método más eficaz para formar jóvenes felices proactivos seguros e inteligentes h[recurso electrónico] a1a.ed. as.l.:bs.e.,c 2005. a108 p. ; bPDF. aFormar niños y adolescentes sociables, felices, libres y emprendedores es un hermoso desafío en estos momentos. La soledad nunca fue tan intensa: los padres esconden sus sentimientos a los hijos, los hijos esconden sus lágrimas a los padres, los maestros se ocultan detrás de las tizas. El estrés y la ansiedad son parte de la rutina de jóvenes y adultos. La producción de conocimiento se ha multiplicado, pero las nuevas generaciones no son formadas para pensar, sino para repetir información. La educación atraviesa una crisis sin precedentes en todo el mundo. ¿Hay esperanza? ¡Sí! En este libro el psiquiatra y científico Augusto Cury muestra que es necesario cultivar la emoción y expandir la inteligencia de los jóvenes. Y, para eso, padres y maestros precisan de herramientas para estimular a los niños y adolescentes. aEducación aEnseñanza y formación aNiñez y adolescencia aDocente aPadres de familia uhttp://biblioteca.usfa.edu.bo/cgi-bin/koha/opac-retrieve-file.pl?id=43d14f745830bbd73ab4e49e6471386f 2ddccDOCEzWM: MCR c2514d2514